000 00636nam a2200253Ia 4500
005 20260123122733.0
008 008 260114s9999 xx 000 0 eng d
020 _a9789352801640
037 _aEBOOK
040 _aCRL
040 _beng
040 _cCRL
041 _2eng
041 _aeng
084 _qCRL
100 _aDevi Sridhar
_91104962
245 0 _aAnthropologists Inside Organisations
260 _bSAGE
260 _c2008
856 _uhttps://evidya.sagepub.in/library/anthropologists-inside-organisations?bookId=4074&siteName=evidya
942 _cEBOOK
999 _c1670198
_d1670198